Reglament / Caixa de Crèdit de Cooperació Local
Descripción Física:
[15] f. en una carpeta ; 31 cm
MARC
| LEADER | 00000nam a2200000Ia 4500 | ||
|---|---|---|---|
| 001 | 12297 | ||
| 008 | 160829s1998 xx 000 0 cat d | ||
| 080 | |a FU-28-23 | ||
| 110 | 2 | |a Caixa de Crèdit de Cooperació Local |9 54392 | |
| 245 | |a Reglament / Caixa de Crèdit de Cooperació Local | ||
| 260 | |a Barcelona : |b Diputació de Barcelona. Àrea de Cooperació, |c 1998 | ||
| 300 | |a [15] f. en una carpeta ; |c 31 cm | ||
| 590 | |a A la mateixa carpeta també hi ha els impresos per a la sol·licitud dels préstecs | ||
| 610 | 2 | 0 | |a Caixa de Crèdit de Cooperació Local |x Reglaments i procediment |9 54393 |
| 710 | 1 | |a Barcelona (Catalunya : Província). |b Àrea de Cooperació |9 54368 | |
| 901 | |a Arxiu | ||
| 942 | |n 1 | ||
| 952 | |0 0 |1 0 |4 0 |6 FU2823 |7 1 |9 47738 |a Arxiu |b Arxiu |d 2016-12-01 |l 0 |o FU-28-23 |p 12297 |r 2016-12-01 00:00:00 |w 2016-12-01 |y ARXIU | ||
| 999 | |c 51537 |d 51537 | ||